<?xml version="1.0" encoding="UTF-8"?>
<record
    xmlns:xsi="http://www.w3.org/2001/XMLSchema-instance"
    xsi:schemaLocation="http://www.loc.gov/MARC21/slim http://www.loc.gov/standards/marcxml/schema/MARC21slim.xsd"
    xmlns="http://www.loc.gov/MARC21/slim">

  <leader>02287nam a2200385uu 4500</leader>
  <controlfield tag="001">1523806</controlfield>
  <controlfield tag="005">20260508093534.0</controlfield>
  <controlfield tag="007">co|||||||</controlfield>
  <controlfield tag="008">190411s2017                        spa  </controlfield>
  <datafield tag="035" ind1=" " ind2=" ">
    <subfield code="a">1523806</subfield>
  </datafield>
  <datafield tag="040" ind1=" " ind2=" ">
    <subfield code="c">comduadb</subfield>
  </datafield>
  <datafield tag="041" ind1=" " ind2=" ">
    <subfield code="a">spa</subfield>
  </datafield>
  <datafield tag="080" ind1=" " ind2=" ">
    <subfield code="a">D</subfield>
  </datafield>
  <datafield tag="100" ind1="1" ind2="0">
    <subfield code="a">Pe&#xF1;a G&#xF3;mez, Mariana</subfield>
    <subfield code="4">aut</subfield>
    <subfield code="e">aut</subfield>
    <subfield code="9">784435</subfield>
  </datafield>
  <datafield tag="245" ind1="1" ind2="3">
    <subfield code="a">La evaluaci&#xF3;n del impacto social del programa Licenciatura en Educaci&#xF3;n Especial en la subregi&#xF3;n Suroeste, a trav&#xE9;s del desempe&#xF1;o ocupacional de sus egresados y egresadas</subfield>
  </datafield>
  <datafield tag="260" ind1=" " ind2=" ">
    <subfield code="a">Medell&#xED;n :</subfield>
    <subfield code="b">Autores (as),</subfield>
    <subfield code="c">2017.</subfield>
  </datafield>
  <datafield tag="300" ind1=" " ind2=" ">
    <subfield code="a">1 CD-ROM</subfield>
  </datafield>
  <datafield tag="520" ind1="3" ind2=" ">
    <subfield code="a">En el presente art&#xED;culo se dan a conocer los resultados de la evaluaci&#xF3;n del impacto social del programa Licenciatura en Educaci&#xF3;n Especial, Facultad de Educaci&#xF3;n de la Universidad de Antioquia, en la subregi&#xF3;n de Suroeste del departamento de Antioquia (Colombia), cuyo objetivo principal fue evaluar el impacto del Programa desde los egresados y otras audiencias. La metodolog&#xED;a se llev&#xF3; a cabo bajo un dise&#xF1;o cualitativo, modalidad de investigaci&#xF3;n evaluativa, tipo evaluaci&#xF3;n de impacto de programas sociales. Los resultados se estructuraron bajo las categor&#xED;as: valoraci&#xF3;n de la calidad del Programa, rol del educador especial, experiencias significativas y su impacto, y ubicaci&#xF3;n y condiciones laborales de los egresados y egresadas. Finalmente, planteamos recomendaciones a diferentes Unidades acad&#xE9;micas de la Universidad.</subfield>
  </datafield>
  <datafield tag="610" ind1="2" ind2="7">
    <subfield code="a">Universidad de Antioquia</subfield>
    <subfield code="x">Egresados</subfield>
    <subfield code="2"></subfield>
    <subfield code="9">853518</subfield>
  </datafield>
  <datafield tag="650" ind1=" " ind2=" ">
    <subfield code="a">Evaluaci&#xF3;n de impacto</subfield>
    <subfield code="9">130839</subfield>
  </datafield>
  <datafield tag="650" ind1=" " ind2=" ">
    <subfield code="a">Impacto social</subfield>
    <subfield code="9">14021</subfield>
  </datafield>
  <datafield tag="650" ind1=" " ind2="7">
    <subfield code="a">Educaci&#xF3;n especial</subfield>
    <subfield code="2">armarc</subfield>
    <subfield code="9">1716</subfield>
  </datafield>
  <datafield tag="650" ind1=" " ind2=" ">
    <subfield code="a">Suroeste antioque&#xF1;o</subfield>
    <subfield code="9">30869</subfield>
  </datafield>
  <datafield tag="650" ind1=" " ind2=" ">
    <subfield code="a">Universidad de Antioquia. Facultad de Educaci&#xF3;n</subfield>
    <subfield code="9">42097</subfield>
  </datafield>
  <datafield tag="650" ind1=" " ind2="7">
    <subfield code="a">Maestros de educaci&#xF3;n especial</subfield>
    <subfield code="2">lemb</subfield>
    <subfield code="9">8158</subfield>
  </datafield>
  <datafield tag="650" ind1=" " ind2=" ">
    <subfield code="a">Licenciatura en educaci&#xF3;n</subfield>
    <subfield code="9">181088</subfield>
  </datafield>
  <datafield tag="650" ind1=" " ind2=" ">
    <subfield code="a">Evaluacion - Curriculo en educacion especial</subfield>
    <subfield code="9">166443</subfield>
  </datafield>
  <datafield tag="700" ind1="1" ind2="0">
    <subfield code="a">Restrepo Jaramillo, Carolina</subfield>
    <subfield code="4">aut</subfield>
    <subfield code="e">aut</subfield>
    <subfield code="9">782020</subfield>
  </datafield>
  <datafield tag="700" ind1="1" ind2="0">
    <subfield code="a">V&#xE9;lez, Leidy Johana</subfield>
    <subfield code="4">aut</subfield>
    <subfield code="e">aut</subfield>
    <subfield code="9">782256</subfield>
  </datafield>
  <datafield tag="700" ind1=" " ind2="0">
    <subfield code="a">Palacio Peralta, Nilva Rosa</subfield>
    <subfield code="c">Doctora en Educaci&#xF3;n</subfield>
    <subfield code="4">ths</subfield>
    <subfield code="e">ths</subfield>
    <subfield code="9">464096</subfield>
  </datafield>
  <datafield tag="856" ind1="4" ind2=" ">
    <subfield code="u">https://bibliotecadigital.udea.edu.co/handle/10495/19801</subfield>
  </datafield>
  <datafield tag="942" ind1=" " ind2=" ">
    <subfield code="c">TESIS</subfield>
  </datafield>
  <datafield tag="999" ind1=" " ind2=" ">
    <subfield code="c">800933</subfield>
    <subfield code="d">800933</subfield>
  </datafield>
  <datafield tag="502" ind1=" " ind2=" ">
    <subfield code="b">145</subfield>
    <subfield code="c">15</subfield>
  </datafield>
  <datafield tag="526" ind1=" " ind2=" ">
    <subfield code="a">147</subfield>
  </datafield>
  <datafield tag="952" ind1=" " ind2=" ">
    <subfield code="0">0</subfield>
    <subfield code="1">0</subfield>
    <subfield code="4">0</subfield>
    <subfield code="7">0</subfield>
    <subfield code="8">TESDIG</subfield>
    <subfield code="a">CEDED</subfield>
    <subfield code="b">CEDED</subfield>
    <subfield code="d">2019-04-11</subfield>
    <subfield code="e">Material adquirido por donaci&#xF3;n</subfield>
    <subfield code="i">C1312681</subfield>
    <subfield code="l">1</subfield>
    <subfield code="o">D/0355</subfield>
    <subfield code="p">0732043</subfield>
    <subfield code="r">2024-01-15 00:00:00</subfield>
    <subfield code="s">2023-10-13</subfield>
    <subfield code="t">1</subfield>
    <subfield code="w">2023-05-04</subfield>
    <subfield code="y">DIGITAL</subfield>
  </datafield>
</record>
